000 00557nam a2200193Ia 4500
003 GCL
008 140319s9999 xx 000 0 ara d
040 _aGCL /
_cGCL
082 0 4 _a828.03
_bم ف
100 1 _aزاهر رياض
245 1 0 _aفى بلاط ملك افريقى /
_cزاهر رياض
700 1 _aعبدالعزيز عبدالقادر كامل
700 1 _aميروفتش , ايفال ر
300 _a265 ص
490 _aالالف كتاب
_v0
650 0 4 _aالادب
650 0 4 _aالادب الانجليزى
942 _2ddc
_cBK
999 _c45951
_d45951